Nuevas metas en la reforma educativa
Na minha lista:
| Autor principal: | |
|---|---|
| Formato: | Livro |
| Idioma: | espanhol |
| Publicado em: |
Ciudad de México
Centro Regional de Ayuda Técnica
1972
|
| Assuntos: | |
| Tags: |
Adicionar Tag
Sem tags, seja o primeiro a adicionar uma tag!
|
MARC
| LEADER | 00000nam a2200000 a 4500 | ||
|---|---|---|---|
| 001 | UCY8053 | ||
| 003 | CL-VaPUC | ||
| 008 | 950623e19720000MX |||||||||||||||||spa|d | ||
| 082 | 0 | 4 | |a 371.26 |b GRO |2 21 |
| 100 | |a Gronlund, Norman Edward |e author |9 343533 | ||
| 245 | 1 | 0 | |a Nuevas metas en la reforma educativa |
| 300 | |a 103 p | ||
| 942 | |c BK | ||
| 945 | |d 19950623 00:00:00 |a cmena | ||
| 260 | |a Ciudad de México |b Centro Regional de Ayuda Técnica |c 1972 | ||
| 650 | 0 | |a Reforma educacional |9 256319 | |
| 650 | 0 | |a Planificación de la educación |9 307333 | |
| 650 | 7 | |a METAS DE LA EDUCACION |2 CL-VaPUC |9 309160 | |
| 650 | 0 | |a Aprendizaje |9 254827 | |
| 650 | 0 | |a Evaluación de la educación |9 237505 | |
| 650 | 7 | |a PRUEBAS DE PROGRESO ESCOLAR |2 CL-VaPUC |9 335967 | |
| 650 | 0 | |a Metodología |9 256610 | |
| 583 | |a last modification |c 19950623 00:00:00 |k Rodrigo Vera | ||
| 999 | |c 235336 |d 235334 | ||
| 952 | |0 0 |1 0 |4 0 |6 371_260000000000000_GRO_1972 |7 0 |8 P |9 242688 |a BIBEDU |b BIBEDU |c BIBEDU_PB |d 2019-11-18 |i 1521535 |o 371.26 GRO 1972 |p 1521535 |r 2024-01-25 |w 2019-11-18 |y BK |k EDU | ||
| 952 | |0 0 |1 0 |4 0 |6 371_260000000000000_GRO_1972 |7 0 |8 P |9 242689 |a BIBEDU |b BIBEDU |c BIBEDU_PB |d 2019-11-18 |i 1606212 |o 371.26 GRO 1972 |p 1606212 |r 2024-01-25 |w 2019-11-18 |y BK |k EDU | ||